Datum a čas kvízu

29.5 Celkem bodů Celkový počet nahraných bodů na tomto kvízu bez doplňovacích otázek.
3. Pořadí na kvízu Konečné umístění týmu na tomto kvízu.

Zaznamenané odpovědi

# Otázka Odpověď Body Výsledky
1. Poblíž nájezdu na dálnici D6 k... Sokolov 0
2. V jihoitalské Apulii se konal... papeže 0
3. Minulý týden vyšel první video... Monkey Business 0
4. V Ostravě se minulý týden kona... jezdí na baterky (akumulátory) 1
5. Na evropském atletickém šampio... Andrea Železná 1
6. Téma začneme u Arnolda Schwarz... Olympia, Universe 1
7. Bývalý fotbalový útočník, dvoj... George Weah 1
8. Ve kterém sportu reprezentoval... skoky na lyžích 1
9. Také hokejisty to táhne po kon... mistrovství světa, olympijské hry, Stanley Cup 1
10. Pavel Bém je bývalým pražským... lékař (psychiatr) 1